Statistics for Brooklyn Nets Playoffs Starters

Click here to take the quiz!

General Stats

  • This quiz has been taken 223 times
    (127 since last reset)
  • The average score is 25 of 88

Answer Stats

Player% Correct
Kyrie Irving
97%
Kevin Durant
96%
James Harden
93%
Julius Erving
92%
Mikal Bridges
87%
Jason Kidd
82%
Joe Johnson
79%
Cameron Johnson
78%
Nic Claxton
76%
Spencer Dinwiddie
76%
Ed Johnson
75%
George Johnson
75%
Brook Lopez
74%
Joe Harris
66%
D'Angelo Russell
61%
George Carter
61%
Vince Carter
61%
Buck Williams
59%
Deron Williams
57%
Blake Griffin
55%
Jayson Williams
55%
Ray Williams
55%
Kevin Garnett
54%
Richard Jefferson
54%
Paul Pierce
51%
Jarrett Allen
46%
Kenyon Martin
45%
Seth Curry
43%
Eddie Jordan
38%
Caris LeVert
37%
Derrick Coleman
33%
Dražen Petrović
33%
Kerry Kittles
29%
Royce O'Neale
29%
Andre Drummond
28%
Bruce Brown
24%
Jason Collins
24%
Keith Van Horn
22%
Kenny Anderson
18%
Rich Jones
18%
Micheal Ray Richardson
17%
DeMarre Carroll
14%
Chris Morris
12%
Mike Gminski
12%
Rick Barry
12%
Albert King
11%
Bernard King
11%
John Williamson
9%
Kendall Gill
9%
Rodions Kurucs
9%
Sam Bowie
9%
Bill Melchionni
8%
Darryl Dawkins
8%
Gerald Wallace
8%
Rumeal Robinson
8%
Thaddeus Young
8%
Bojan Bogdanović
7%
Kevin Edwards
7%
Mookie Blaylock
7%
Otis Birdsong
7%
Todd MacCulloch
7%
Billy Paultz
5%
Timothé Luwawu-Cabarrot
5%
Benoit Benjamin
4%
Reggie Evans
4%
Sherman Douglas
4%
Trooper Washington
4%
Brian Taylor
3%
Kelvin Ransey
3%
Larry Kenon
3%
Mikki Moore
3%
Nenad Krstić
3%
Walter Simon
3%
Darwin Cook
1%
Garrett Temple
1%
Kim Hughes
1%
Len Elmore
1%
Mike O'Koren
1%
Shaun Livingston
1%
Brian Scalabrine
0%
Jan van Breda Kolff
0%
Joe DePre
0%
Johnny Baum
0%
John Roche
0%
Levern Tart
0%
Manny Leaks
0%
Mike Gale
0%
Sonny Dove
0%

Score Distribution

Percentile by Number Answered

Percent of People with Each Score

Your Score History

You have not taken this quiz since the last reset